000
00197 a2200097 4500
001
47094
100
_a
245
_a
Survival at Sea
260
_a
New York
_b
Adlard Coles
_c
090
_c
30156
_d
30156
942
_a
NUST-CAE
_c
_c
22399
999
_c
282167
_d
282167